000 00613nam a2200181Ia 4500
008 090124s9999 xx 000 0 und d
082 _b2894
100 _aकुलकर्णी वा. ल.
245 _a मोठी माणसं
250 _a1
260 _b"केशरी मुद्रणालय़, 568 नाराय़ण पेठ, पुणे 30"
_c1970
300 _a138
600 _aकुलकर्णी वा. ल.
630 _a मोठी माणसं
700 _aकुलकर्णी वा. ल.
730 _a मोठी माणसं
942 _cBOOK
999 _c82667
_d82667